000
00284nam a2200109Ia 4500
008
230907s9999||||xx |||||||||||||| ||und||
082
_a
621.433
_b
STA
245
0
_a
Stationary gas turbine alternative fuels :
260
_a
ASTM,
_b
Philadelphia :
_c
1983
300
_a
361 p.
942
_c
BK
999
_c
599931
_d
599931